000 00794cab a2200253 4500
001 ABS48082
008 090401t1993 xxu||||| |||| 00| 0 eng d
035 _a(Sirsi) u64867
041 _aeng
100 _aHarper, B.
245 _aCoastal zone mapping
260 _c1993
350 _a0
490 _aMapping Awareness
_v7(1) January/February 1993, 17-19(3)
520 _aDescribes the production of two prototype coastal maps, printed and digital, issued as an aid to market research for a joint Hydrographic Office/Ordnance Survey pilot project on coastal zone mapping.
650 _aCOASTAL ZONE PLANNING
650 _aCOASTAL ZONES
650 _aCOASTS
650 _aGIS
690 _aMAPPING AND MEASUREMENT
700 _aCurtis, M.
942 _n0
948 _c04/03/1997
999 _c40412
_d40412